000 00555nam a22001817a 4500
003 OSt
005 20250826040054.0
008 250826b |||||||| |||| 00| 0 eng d
020 _a1-4130-2051-8.
040 _aDWC-Main Lib.
_cOC
100 _aMILNER, MARTIN
245 _aEnglish for health sciences/
_cMILNER, MARTIN
260 _aBoston :
_bThomson ELT,
_cc2006.
300 _avi, 106 p. :
_bill. ;
_c27 cm.
_e+ 1 Audio CD.
490 _3Professional English
650 _aEnglish language-Study and teaching.
942 _2ddc
_cBK-CIRC
_hCirc.
_n0
999 _c4264
_d4264